[Event "Campeonato Individual Provincial Absolut"]
[Site "Trinquet de Manises (Manises -"]
[Date "2011.10.01"]
[Round "1"]
[White "Nieves Cabanes, Javier"]
[Black "Castro Exposito, Cristobal"]
[Result "0-1"]
[WhiteElo "1925"]
[BlackElo "2099"]
[PlyCount "143"]
[EventDate "2011.10.01"]
[EventRounds "7"]
[EventCountry "ESP"]

1. d4 d5 2. c4 e6 3. Nc3 Nf6 4. cxd5 exd5 5. Bg5 Be7 6. e3 O-O 7. Qc2 Be6 8.
Bd3 Nbd7 9. Nge2 c5 10. O-O h6 11. Bh4 Bd6 12. f4 c4 13. Bh7+ Kh8 14. f5 Bxh2+
15. Kh1 g5 16. Bf2 Nxh7 17. fxe6 fxe6 18. Kxh2 Nhf6 19. Kg1 Ng4 20. Ng3 Qc7 21.
Nce2 Rf6 22. Qd2 Raf8 23. Be1 Rxf1+ 24. Nxf1 Rxf1+ 25. Kxf1 Qh2 26. Ng3 Ndf6
27. Ke2 Qxg2+ 28. Kd1 Qf3+ 29. Qe2 Nxe3+ 30. Kc1 Qf4 31. Bd2 Nfg4 32. Nh5 Qxd4
33. Bxe3 Nxe3 34. Ng3 Qf4 35. Nh5 Qe4 36. Qf2 Nf5 37. Kd2 Qd3+ 38. Kc1 Qh3 39.
Qe2 Qh1+ 40. Qd1 Qe4 41. a4 Nd4 42. Ra3 Nb3+ 43. Rxb3 cxb3 44. Qxb3 Qh1+ 45.
Kd2 Qh2+ 46. Kc1 Qxh5 47. Qc3+ Kh7 48. Qc2+ Kg7 49. Qc3+ Kf7 50. Qc7+ Kf6 51.
Qd8+ Kf5 52. Qf8+ Kg4 53. Qb4+ Kh3 54. Qc3+ Kg2 55. Qd2+ Kg3 56. Qe1+ Kf4 57.
Qd2+ Ke5 58. Qc3+ Kf5 59. Qc2+ Kf6 60. Qf2+ Kg6 61. Qc2+ Kg7 62. Qc3+ Kh7 63.
Qc7+ Kg8 64. Qc8+ Kg7 65. Qc3+ Kf8 66. Qc5+ Ke8 67. Qc8+ Ke7 68. Qc7+ Kf6 69.
Qd8+ Kg7 70. Qc7+ Qf7 71. Qc3+ Kg6 72. Kb1 0-1

[Event "Campeonato Individual Provincial Absolut"]
[Site "Trinquet de Manises (Manises -"]
[Date "2011.10.01"]
[Round "1"]
[White "Monton Queralt, Jose Angel"]
[Black "Perales Arona, Joaquin"]
[Result "0-1"]
[WhiteElo "2072"]
[BlackElo "1889"]
[PlyCount "62"]
[EventDate "2011.10.01"]
[EventRounds "7"]
[EventCountry "ESP"]

1. e4 e6 2. d4 d5 3. Nd2 Nf6 4. e5 Nfd7 5. Bd3 c5 6. c3 Nc6 7. Ne2 cxd4 8. cxd4
f6 9. exf6 Nxf6 10. Nf3 Bd6 11. O-O O-O 12. Bf4 Nh5 13. Bg5 Qc7 14. Qc2 h6 15.
Bh7+ Kh8 16. Nh4 hxg5 17. Ng6+ Kxh7 18. Nxf8+ Kg8 19. Qh7+ Kxf8 20. Qh8+ Kf7
21. Qxh5+ Kg8 22. g3 Be7 23. f4 g4 24. Kg2 Bd7 25. Rh1 Qb6 26. Qxg4 Nxd4 27. b3
Nf5 28. Qh5 Ne3+ 29. Kf3 e5 30. Kf2 e4 31. Rab1 Ng4+ 0-1

[Event "Campeonato Individual Provincial Absolut"]
[Site "Trinquet de Manises (Manises -"]
[Date "2011.10.15"]
[Round "2"]
[White "Rodriguez Valencoso, Juan Carlo"]
[Black "Calvo Galve, Nestor"]
[Result "0-1"]
[WhiteElo "2189"]
[BlackElo "2055"]
[PlyCount "131"]
[EventDate "2011.10.01"]
[EventRounds "7"]
[EventCountry "ESP"]

1. Nf3 Nf6 2. g3 d5 3. Bg2 c6 4. d3 Bg4 5. Nbd2 Nbd7 6. O-O e5 7. e4 dxe4 8.
dxe4 Bc5 9. Qe1 O-O 10. Nh4 Re8 11. h3 Bh5 12. Nc4 Bg6 13. b4 Bf8 14. Bb2 Qc7
15. a3 Rad8 16. Bc3 b5 17. Nxg6 hxg6 18. Ne3 Nb6 19. Rc1 Rd7 20. Ba1 c5 21. c4
Nxc4 22. Nxc4 bxc4 23. Rxc4 Qb6 24. Kh1 Rd3 25. Rc3 Rd7 26. bxc5 Bxc5 27. g4
Bd4 28. Rc1 Bxa1 29. Rxa1 Rd4 30. Qe3 Qa6 31. Rfe1 Qa4 32. f3 Red8 33. Bf1 Nh7
34. Rac1 Rb8 35. Re2 Nf8 36. Rec2 Rb3 37. Qf2 Qxa3 38. Rc8 g5 39. Bg2 Rbb4 40.
R1c3 Qa1+ 41. Kh2 Rb2 42. Rc2 Rxc2 43. Qxc2 Qa3 44. Ra8 Qe3 45. Rxf8+ Kxf8 46.
Qc8+ Ke7 47. Qc5+ Ke6 48. Qc8+ Rd7 49. Qe8+ Kd6 50. Qb8+ Kc6 51. Qc8+ Rc7 52.
Qe8+ Kb7 53. Qb5+ Qb6 54. Qd5+ Qc6 55. Qxe5 f6 56. Qb2+ Qb6 57. Qd2 Qc5 58. f4
Kb6 59. Qb2+ Qb5 60. Qd4+ Ka5 61. e5 Rc4 62. Qxa7+ Kb4 63. e6 gxf4 64. e7 f3
65. Bf1 Qe5+ 66. Kh1 {Bandera} 0-1

[Event "Campeonato Individual Provincial Absolut"]
[Site "Trinquet de Manises (Manises -"]
[Date "2011.10.15"]
[Round "2"]
[White "Rubio Tent, Francisco"]
[Black "Villalba Izquierdo, Pere"]
[Result "0-1"]
[WhiteElo "2037"]
[BlackElo "2169"]
[PlyCount "138"]
[EventDate "2011.10.01"]
[EventRounds "7"]
[EventCountry "ESP"]

1. d4 g6 2. c4 Bg7 3. Nc3 d6 4. e4 Nc6 5. Be3 e5 6. d5 Nce7 7. g4 f5 8. gxf5
gxf5 9. Qh5+ Ng6 10. exf5 Qh4 11. Qf3 N6e7 12. Nb5 Kd8 13. Qg2 Bh6 14. Nf3 Qf6
15. Ng5 Nxf5 16. Bd2 Nge7 17. O-O-O Ng6 18. Rg1 Nf4 19. Bxf4 exf4 20. Nf3 Bd7
21. Nc3 Re8 22. Kb1 Kc8 23. Bd3 b6 24. Ne4 Qf8 25. Nfg5 Bg7 26. Ne6 Bxe6 27.
dxe6 Kb8 28. c5 Be5 29. Bb5 f3 30. Qxf3 Ne7 31. Qxf8 Rxf8 32. cxd6 cxd6 33.
Nxd6 a6 34. Bf1 Rxf2 35. Nc4 Bf6 36. Bg2 Ra7 37. Rd8+ Nc8 38. Rf8 Rc7 39. Bd5
b5 40. Rxf6 Rxf6 41. Ne5 Rf5 42. Nd7+ Ka7 43. Bb3 Rf2 44. Re1 Ne7 45. h4 a5 46.
a4 bxa4 47. Bxa4 Rb7 48. b3 Rc7 49. Re5 Rf5 50. Re2 Rf1+ 51. Kb2 Rcc1 52. Re5
Rce1 53. Rxa5+ Kb7 54. Rh5 Kc7 55. Rxh7 Kd6 56. Nb6 Kxe6 57. Rh6+ Ke5 58. Nc4+
Kd4 59. Rd6+ Nd5 60. Rxd5+ Kxd5 61. Ka3 Kc5 62. Nd2 Rf2 63. b4+ Kd4 64. Nb3+
Kc3 65. Bb5 Rb2 66. Ba4 Reb1 67. b5 Rxb3+ 68. Bxb3 Rxb3+ 69. Ka4 Kc4 0-1

[Event "Campeonato Individual Provincial Absolut"]
[Site "Trinquet de Manises (Manises -"]
[Date "2011.10.15"]
[Round "2"]
[White "Montoliu Cervero, Francisco"]
[Black "Almenar Montaner, Vicente"]
[Result "1-0"]
[WhiteElo "2159"]
[BlackElo "2039"]
[PlyCount "33"]
[EventDate "2011.10.01"]
[EventRounds "7"]
[EventCountry "ESP"]

1. e4 c6 2. d4 d5 3. Nc3 dxe4 4. Nxe4 Bf5 5. Ng3 Bg6 6. Nf3 h6 7. Ne5 Bh7 8.
Qh5 g6 9. Qf3 Nf6 10. Bc4 e6 11. Bd2 Bg7 12. Ne4 Qe7 13. Bxh6 Nxe4 14. Bxg7 Ng5
15. Qf4 Qb4+ 16. c3 Qxb2 17. O-O 1-0

[Event "Campeonato Individual Provincial Absolut"]
[Site "Trinquet de Manises (Manises -"]
[Date "2011.10.15"]
[Round "2"]
[White "Bixquert Jimenez, Francisco"]
[Black "Silva Rodriguez, Fernando"]
[Result "0-1"]
[WhiteElo "1935"]
[BlackElo "2140"]
[PlyCount "58"]
[EventDate "2011.10.01"]
[EventRounds "7"]
[EventCountry "ESP"]

1. d4 Nf6 2. c4 e6 3. Nc3 Bb4 4. Qc2 O-O 5. a3 Bxc3+ 6. Qxc3 d6 7. f3 Nbd7 8.
Bg5 b6 9. e3 h6 10. Bh4 Ba6 11. b4 c5 12. dxc5 bxc5 13. b5 Bb7 14. Bd3 a6 15.
a4 axb5 16. axb5 Rxa1+ 17. Qxa1 Ne5 18. Qc3 Ne4 19. Bxe4 Qxh4+ 20. g3 Qf6 21.
Ne2 Bxe4 22. fxe4 Qf3 23. Rf1 Qxe4 24. Rf4 Nd3+ 25. Kd2 Nxf4 26. Nxf4 Ra8 27.
Qb3 d5 28. cxd5 c4 29. Qc2 c3+ 0-1

[Event "Campeonato Individual Provincial Absolut"]
[Site "Trinquet de Manises (Manises -"]
[Date "2011.10.15"]
[Round "2"]
[White "Ribes Peris, Alvaro"]
[Black "Picornell Morant, Juan Enrique"]
[Result "1-0"]
[WhiteElo "2137"]
[BlackElo "1962"]
[PlyCount "95"]
[EventDate "2011.10.01"]
[EventRounds "7"]
[EventCountry "ESP"]

1. d4 Nf6 2. c4 g6 3. Nc3 Bg7 4. e4 d6 5. Bg5 O-O 6. Qd2 Nbd7 7. O-O-O e5 8. d5
a5 9. f3 Nc5 10. Kb1 Bd7 11. g4 Na4 12. Nge2 Qb8 13. h4 b5 14. Nxa4 bxa4 15. a3
Qb3 16. Nc1 Qxf3 17. Bg2 Qxg4 18. Bxf6 Bxf6 19. Nd3 Bc8 20. Qf2 Bg7 21. Bf3 Qd7
22. h5 Ba6 23. Qh4 h6 24. hxg6 fxg6 25. Bg4 Qd8 26. Be6+ Kh7 27. Qh2 Bc8 28.
Rdg1 Bxe6 29. dxe6 Qf6 30. Rg3 Qxe6 31. Rh3 g5 32. Nf2 Rf6 33. Rh5 Raf8 34. Rf1
Qxc4 35. Qg2 Qd4 36. Rh2 c5 37. Ka2 Qc4+ 38. Ka1 Qd4 39. Ka2 c4 40. Qxg5 Rxf2
41. Rxh6+ Kg8 42. Rxf2 Rxf2 43. Qd8+ Rf8 44. Qg5 Qf2 45. Rg6 Rf7 46. Rh6 Rf8
47. Qg6 Qf7 48. Qh7# 1-0

[Event "Campeonato Individual Provincial Absolut"]
[Site "Trinquet de Manises (Manises -"]
[Date "2011.10.15"]
[Round "2"]
[White "Capella Gimenez, Jose M"]
[Black "Paredes Facundo, Jose Carlos"]
[Result "1/2-1/2"]
[WhiteElo "2107"]
[BlackElo "1937"]
[PlyCount "130"]
[EventDate "2011.10.01"]
[EventRounds "7"]
[EventCountry "ESP"]

1. d4 Nf6 2. c4 e6 3. Nc3 Bb4 4. e3 b6 5. Nge2 Bb7 6. a3 Bxc3+ 7. Nxc3 d6 8. f3
Qe7 9. e4 e5 10. Bg5 Nbd7 11. Nd5 Bxd5 12. cxd5 O-O 13. Rc1 h6 14. Bh4 g5 15.
Bf2 Ne8 16. Bd3 Ndf6 17. O-O Nh5 18. g3 Nhg7 19. Qc2 Qd7 20. dxe5 dxe5 21. Qc6
Qxc6 22. Rxc6 f6 23. Be1 Kh7 24. Bb4 Rf7 25. f4 a5 26. Bc3 Re7 27. fxe5 fxe5
28. Rf8 Ra7 29. h4 gxh4 30. Bd2 Nd6 31. Rf6 hxg3 32. Rxh6+ Kg8 33. Be3 Ra8 34.
Bxb6 Nf7 35. Bc5 Rd7 36. Rhg6 Nd8 37. Rcf6 Nb7 38. Be3 Nd6 39. Re6 Rb8 40. Bc1
Rb3 41. Bc2 Rf3 42. Bh6 Rdf7 43. Rxg7+ Rxg7 44. Bxg7 Kxg7 45. Rxe5 Rf2 46. Bd1
Kf8 47. b4 axb4 48. axb4 Rb2 49. Re6 Rxb4 50. Bf3 Rb2 51. Rg6 g2 52. Rxg2 Rxg2+
53. Kxg2 Nc4 54. Kg3 Ke7 55. Kf4 Kf6 56. Bg2 Ne5 57. Ke3 Ke7 58. Bh3 Ng6 59.
Bg4 Kd6 60. Bh5 Ne5 61. Kf4 Nd3+ 62. Kf5 Ne5 63. Kf6 Nd7+ 64. Kf5 Ne5 65. Bd1
Nf7 1/2-1/2

[Event "Campeonato Individual Provincial Absolut"]
[Site "Trinquet de Manises (Manises -"]
[Date "2011.10.15"]
[Round "2"]
[White "Perales Arona, Joaquin"]
[Black "Martinez Lopez, Jaime"]
[Result "1/2-1/2"]
[WhiteElo "1889"]
[BlackElo "2105"]
[PlyCount "101"]
[EventDate "2011.10.01"]
[EventRounds "7"]
[EventCountry "ESP"]

1. e4 c5 2. Nc3 a6 3. g3 b5 4. Bg2 Bb7 5. d3 e6 6. f4 d5 7. exd5 Nf6 8. Qe2
Nxd5 9. Ne4 Nc6 10. Nf3 Be7 11. f5 e5 12. O-O O-O 13. g4 Nd4 14. Nxd4 exd4 15.
f6 gxf6 16. Bh6 Qd7 17. Rf5 Kh8 18. Qf2 Rg8 19. Qh4 Rg6 20. h3 Rag8 21. Raf1
Qd8 22. Qh5 Ne3 23. Bxe3 dxe3 24. Re1 Qd4 25. Re2 c4 26. Nxf6 Bxf6 27. Bxb7
cxd3 28. cxd3 Qxd3 29. Bf3 Rd8 30. Rd5 Qb1+ 31. Kg2 Qxa2 32. Rxd8+ Bxd8 33. Bd5
Qb1 34. Qe5+ Bf6 35. Qe8+ Rg8 36. Qxf7 Qg6 37. Qxg8+ Qxg8 38. Bxg8 Kxg8 39. Kf3
Bd4 40. Ke4 Ba7 41. Kd5 Kf7 42. Kc6 Ke6 43. Kb7 Bc5 44. Kxa6 b4 45. Kb5 Kd5 46.
h4 Kd4 47. Rg2 Be7 48. g5 Kd3 49. h5 e2 50. Rxe2 Kxe2 51. g6 1/2-1/2

[Event "Campeonato Individual Provincial Absolut"]
[Site "Trinquet de Manises (Manises -"]
[Date "2011.10.15"]
[Round "2"]
[White "Castro Exposito, Cristobal"]
[Black "Marco Francisco, Miriam"]
[Result "1-0"]
[WhiteElo "2099"]
[BlackElo "1882"]
[PlyCount "71"]
[EventDate "2011.10.01"]
[EventRounds "7"]
[EventCountry "ESP"]

1. d4 Nf6 2. c4 g6 3. Nc3 Bg7 4. e4 d6 5. f4 O-O 6. Nf3 Nfd7 7. Be2 Nc6 8. d5
Ncb8 9. O-O e5 10. fxe5 Nxe5 11. Nxe5 Bxe5 12. Bf4 Bg7 13. Qd2 Re8 14. Bh6 Be5
15. Bg5 f6 16. Bh4 Qe7 17. Rae1 Kg7 18. Nb5 c5 19. Kh1 a6 20. Nc3 Nd7 21. Bg4
Nb6 22. Bxc8 Raxc8 23. b3 Nd7 24. Rf3 g5 25. Bg3 h5 26. Ref1 Rf8 27. Ne2 h4 28.
Bxe5 Nxe5 29. Rf5 b5 30. cxb5 axb5 31. Nc3 b4 32. Nd1 Ng4 33. Qb2 Qxe4 34.
Rxg5+ Kh6 35. Rgf5 Kg6 36. R5f4 1-0

[Event "Campeonato Individual Provincial Absolut"]
[Site "Trinquet de Manises (Manises -"]
[Date "2011.10.15"]
[Round "2"]
[White "Soler Di Benedetto, Sandra"]
[Black "Gonzalez Aguirre, Luis"]
[Result "1/2-1/2"]
[WhiteElo "1971"]
[BlackElo "2150"]
[PlyCount "20"]
[EventDate "2011.10.01"]
[EventRounds "7"]
[EventCountry "ESP"]

1. d4 Nf6 2. Nc3 d5 3. Nf3 Bf5 4. Bf4 e6 5. e3 Be7 6. Be2 h6 7. h3 c6 8. Ne5
Nbd7 9. O-O O-O 10. Bd3 Bxd3 1/2-1/2

[Event "Campeonato Individual Provincial Absolut"]
[Site "Trinquet de Manises (Manises -"]
[Date "2011.10.15"]
[Round "2"]
[White "Cabero Feliciano, Guillermo"]
[Black "Madero, Sergio"]
[Result "1/2-1/2"]
[WhiteElo "2113"]
[BlackElo "2120"]
[PlyCount "67"]
[EventDate "2011.10.01"]
[EventRounds "7"]
[EventCountry "ESP"]

1. d4 Nf6 2. Nf3 e6 3. g3 d5 4. Bg2 c5 5. O-O Nc6 6. c4 cxd4 7. Qa4 dxc4 8.
Nxd4 Qxd4 9. Bxc6+ Bd7 10. Rd1 Bxc6 11. Qxc6+ bxc6 12. Rxd4 Rb8 13. Rxc4 Nd5
14. Rxc6 Be7 15. a3 Bf6 16. e4 Nb6 17. Bf4 Rb7 18. Nd2 g5 19. Be3 Kd7 20. Rc2
Na4 21. e5 Bxe5 22. Nc4 Bf6 23. Rd1+ Ke7 24. Na5 Rd7 25. Nc6+ Ke8 26. Rxd7 Kxd7
27. Nd4 Rc8 28. Rxc8 Kxc8 29. b3 Nc5 30. b4 Ne4 31. b5 Nc3 32. Nc6 Nxb5 33.
Nxa7+ Nxa7 34. Bxa7 1/2-1/2

[Event "Campeonato Individual Provincial Absolut"]
[Site "Trinquet de Manises (Manises -"]
[Date "2011.10.15"]
[Round "2"]
[White "Sanchez Saez, Francisco"]
[Black "Martinez Villena, David"]
[Result "1-0"]
[WhiteElo "2268"]
[BlackElo "1968"]
[PlyCount "59"]
[EventDate "2011.10.01"]
[EventRounds "7"]
[EventCountry "ESP"]

1. e4 c6 2. d4 d5 3. Nc3 dxe4 4. Nxe4 Bf5 5. Ng3 Bg6 6. N1e2 Nf6 7. Nf4 e5 8.
Nxg6 hxg6 9. Be3 Nbd7 10. Bc4 Qc7 11. Qe2 Be7 12. O-O-O b5 13. Bb3 a5 14. dxe5
Qxe5 15. Qf3 Qc7 16. Bf4 Qb7 17. Rhe1 Kf8 18. Ne4 Nxe4 19. Rxe4 Bf6 20. Qg4 Nb6
21. Bd6+ Kg8 22. Rde1 Rh6 23. Bf4 a4 24. Bxh6 axb3 25. Re8+ Kh7 26. Bf4 Bxb2+
27. Kd1 Qd7+ 28. Qxd7 Nxd7 29. Rxa8 Bc3 30. axb3 1-0

[Event "Campeonato Individual Provincial Absolut"]
[Site "Trinquet de Manises (Manises -"]
[Date "2011.10.15"]
[Round "2"]
[White "Pavia Miralles, Jose Manuel"]
[Black "De La Calle Llopis, Juan"]
[Result "1-0"]
[WhiteElo "2166"]
[BlackElo "2025"]
[PlyCount "109"]
[EventDate "2011.10.01"]
[EventRounds "7"]
[EventCountry "ESP"]

1. d4 Nf6 2. Nf3 e6 3. g3 b6 4. Bg2 Bb7 5. O-O Be7 6. c4 O-O 7. Nc3 d6 8. Qc2
Nbd7 9. Rd1 Qc8 10. b3 Re8 11. Bb2 a6 12. Rd2 c6 13. e4 e5 14. Rad1 Qc7 15. a3
Bf8 16. b4 exd4 17. Nxd4 c5 18. Nf5 cxb4 19. axb4 Qxc4 20. Nxd6 Bxd6 21. Rxd6
Nf8 22. R6d4 Qc7 23. Qd2 Rac8 24. Nd5 Bxd5 25. exd5 Qc2 26. Bf3 Qxd2 27. R1xd2
N8d7 28. d6 a5 29. Bb7 Rb8 30. Bc6 axb4 31. Rxb4 Re1+ 32. Kg2 Rc8 33. Bb5 Rd8
34. Bxf6 gxf6 35. Kf3 Kg7 36. Bxd7 Rxd7 37. Re4 Ra1 38. Re7 Raa7 39. Rxd7 Rxd7
40. Ke4 Kf8 41. Kd5 Ke8 42. Kc6 Ra7 43. Re2+ Kd8 44. Kxb6 Ra1 45. Re7 Rf1 46.
f4 Rh1 47. Rxf7 Rxh2 48. Kc6 Rc2+ 49. Kd5 h5 50. Ke6 Re2+ 51. Kxf6 Rd2 52. d7
Rd3 53. Rg7 Rd6+ 54. Kg5 Rd5+ 55. f5 1-0

[Event "Campeonato Individual Provincial Absolut"]
[Site "Trinquet de Manises (Manises -"]
[Date "2011.10.15"]
[Round "2"]
[White "Aparisi Arnandis, Bernardo"]
[Black "Jordan Arenas, Manuel"]
[Result "1-0"]
[WhiteElo "2048"]
[BlackElo "2166"]
[PlyCount "157"]
[EventDate "2011.10.01"]
[EventRounds "7"]
[EventCountry "ESP"]

1. e4 e5 2. Nf3 Nc6 3. Bb5 a6 4. Bxc6 dxc6 5. d4 exd4 6. Qxd4 Qxd4 7. Nxd4 Bd7
8. Be3 f6 9. Nc3 O-O-O 10. O-O-O h5 11. f3 Ne7 12. Nb3 b6 13. Ne2 Ng6 14. Nf4
Ne5 15. Bd4 Bd6 16. Bxe5 fxe5 17. Nd3 Be6 18. a3 c5 19. Nd2 c4 20. Nb4 c3 21.
Nb1 cxb2+ 22. Kxb2 Kb7 23. Nc3 Bc5 24. Nb1 b5 25. Nd3 Bb6 26. c3 c6 27. Nxe5
Rxd1 28. Rxd1 Bc7 29. Nd3 Kb6 30. g3 h4 31. Nf4 hxg3 32. hxg3 Bc4 33. Nd2 Rh2
34. Kc1 Bf7 35. Re1 Bd6 36. e5 Bxa3+ 37. Kc2 Be7 38. e6 Bg8 39. Kd3 g5 40. Ne2
Bxe6 41. Nd4 Bc4+ 42. Nxc4+ bxc4+ 43. Kxc4 Bd6 44. Nf5 Kc7 45. Re6 Ba3 46. Rg6
Rf2 47. Nd4 c5 48. Ne6+ Kd7 49. Nxg5 a5 50. f4 a4 51. Ra6 Bc1 52. Ne4 Rf3 53.
Rxa4 Be3 54. Kd5 Bg1 55. Ra7+ Ke8 56. Rg7 Be3 57. c4 Kd8 58. Nd6 Bd4 59. Rf7
Rxg3 60. Kc6 Rg7 61. Rxg7 Bxg7 62. Kxc5 Kd7 63. Kd5 Bh6 64. f5 Bf8 65. c5 Kc7
66. Nb5+ Kc8 67. c6 Be7 68. Ke6 Bf8 69. Kf7 Bc5 70. Ke8 Kb8 71. f6 Kc8 72. f7
Bb4 73. f8=Q Bxf8 74. Kxf8 Kd8 75. Kf7 Kc8 76. Ke6 Kd8 77. Kd6 Kc8 78. c7 Kb7
79. Kd7 1-0

[Event "Campeonato Individual Provincial Absolut"]
[Site "Trinquet de Manises (Manises -"]
[Date "2011.10.15"]
[Round "2"]
[White "Ballester Llagaria, Luis Eduard"]
[Black "Rubio Fornes, Abel"]
[Result "1-0"]
[WhiteElo "2144"]
[BlackElo "2006"]
[PlyCount "105"]
[EventDate "2011.10.01"]
[EventRounds "7"]
[EventCountry "ESP"]

1. e4 e6 2. d4 d5 3. Bd3 dxe4 4. Bxe4 Nf6 5. Bf3 c5 6. Ne2 Be7 7. Be3 Qb6 8.
Nbc3 O-O 9. O-O Rd8 10. dxc5 Qxb2 11. Qb1 Qxb1 12. Raxb1 Na6 13. c6 bxc6 14.
Bxc6 Rb8 15. Bxa7 Rxb1 16. Rxb1 Nb4 17. Ba4 Bd7 18. Bb3 Bc6 19. Nd4 Be4 20.
Nxe4 Nxe4 21. Rd1 Nc5 22. c3 Nxb3 23. axb3 Ra8 24. Nb5 Nc2 25. Rb1 Na3 26. Nxa3
Rxa7 27. Nc4 Bf6 28. b4 Bxc3 29. b5 Kf8 30. Kf1 Ke7 31. Ke2 Ra4 32. Kd3 Rb4 33.
Rc1 Bf6 34. b6 Kd7 35. Rc2 Kc6 36. Ra2 Rb3+ 37. Ke4 Kc5 38. Rc2 Rb4 39. Kd3 Kd5
40. Ne3+ Kd6 41. Rc8 Rb3+ 42. Ke4 e5 43. Nc4+ Ke6 44. Rc6+ Kd7 45. Rc7+ Ke6 46.
b7 Bd8 47. Rc6+ Ke7 48. Nb6 Rb4+ 49. Kd3 Rxb6 50. Rxb6 Bxb6 51. b8=Q Bd4 52. f4
f6 53. f5 {irreproducible} 1-0

[Event "Campeonato Individual Provincial Absolut"]
[Site "Trinquet de Manises (Manises -"]
[Date "2011.10.15"]
[Round "2"]
[White "Segarra Martinez, Axel"]
[Black "Gimenez Saiz, Jose Raul"]
[Result "1-0"]
[WhiteElo "2109"]
[BlackElo "1976"]
[PlyCount "53"]
[EventDate "2011.10.01"]
[EventRounds "7"]
[EventCountry "ESP"]

1. e4 e6 2. d4 d5 3. Nd2 Nf6 4. e5 Nfd7 5. Bd3 c5 6. c3 Nc6 7. Ne2 cxd4 8. cxd4
f6 9. exf6 Nxf6 10. Nf3 Bd6 11. O-O Qc7 12. Bg5 O-O 13. Bh4 e5 14. dxe5 Nxe5
15. Ned4 Bg4 16. Bg3 Ne4 17. Qb3 Nxg3 18. hxg3 Qf7 19. Ng5 Qe7 20. Nxh7 Nxd3
21. Qxd3 Bc5 22. Nxf8 Rxf8 23. Nb3 Bb6 24. Qxd5+ Kh8 25. Qd2 Be2 26. Rae1 Rxf2
27. Rxf2 1-0

[Event "Campeonato Individual Provincial Absolut"]
[Site "Trinquet de Manises (Manises -"]
[Date "2011.10.15"]
[Round "2"]
[White "Martinez Ahrens, Francisco"]
[Black "Redondo Flores, David"]
[Result "1-0"]
[WhiteElo "2105"]
[BlackElo "1956"]
[PlyCount "55"]
[EventDate "2011.10.01"]
[EventRounds "7"]
[EventCountry "ESP"]

1. e4 c5 2. Nf3 d6 3. c3 Nf6 4. Be2 Nc6 5. d4 cxd4 6. cxd4 Nxe4 7. d5 Qa5+ 8.
Nc3 Nxc3 9. bxc3 Ne5 10. Nxe5 Qxc3+ 11. Bd2 Qxe5 12. Be3 Qc3+ 13. Bd2 Qd4 14.
Rb1 a6 15. O-O g6 16. Rb4 Qxd5 17. Bf3 Qxa2 18. Bc3 f6 19. Bd5 Qa3 20. Qd2 Bh6
21. f4 a5 22. Rb5 Qa4 23. Qe2 Rf8 24. g3 Bg4 25. Qb2 Be2 26. Qxe2 Qa3 27. Bb2
Qa4 28. Ra1 1-0

[Event "Campeonato Individual Provincial Absolut"]
[Site "Trinquet de Manises (Manises -"]
[Date "2011.10.15"]
[Round "2"]
[White "Mateu Pla, Sergio"]
[Black "Navarro Diaz, Carles"]
[Result "0-1"]
[WhiteElo "1994"]
[BlackElo "2100"]
[PlyCount "84"]
[EventDate "2011.10.01"]
[EventRounds "7"]
[EventCountry "ESP"]

1. e4 e5 2. Nf3 Nf6 3. Nxe5 Nc6 4. Nf3 Nxe4 5. d4 d5 6. Bd3 Bg4 7. c3 Qd6 8. h3
Bf5 9. Be3 Be7 10. Qc2 O-O-O 11. Nbd2 Qe6 12. O-O-O Bg6 13. Rde1 f5 14. Bf4 Qf6
15. Nb3 Bd6 16. Bxd6 Rxd6 17. Kb1 Re8 18. Rhf1 Rde6 19. Nc5 Nxc5 20. dxc5 Rxe1+
21. Rxe1 Rxe1+ 22. Nxe1 Ne5 23. f4 Nxd3 24. Qxd3 Qe7 25. Nf3 Qxc5 26. Ne5 Qe7
27. Nf3 Qe4 28. Kc2 Qa4+ 29. Kb1 Qe4 30. Kc2 Bh5 31. Qxe4 fxe4 32. Ne5 c5 33.
b4 cxb4 34. cxb4 d4 35. g4 Be8 36. f5 Kc7 37. Nc4 Bb5 38. Ne5 Kd6 39. Nf7+ Kd5
40. Ng5 e3 41. Nxh7 d3+ 42. Kc3 d2 0-1

[Event "Campeonato Individual Provincial Absolut"]
[Site "Trinquet de Manises (Manises -"]
[Date "2011.10.15"]
[Round "2"]
[White "Monmeneu Chulia, Vicente Juan"]
[Black "Monton Queralt, Jose Angel"]
[Result "1-0"]
[WhiteElo "1953"]
[BlackElo "2072"]
[PlyCount "55"]
[EventDate "2011.10.01"]
[EventRounds "7"]
[EventCountry "ESP"]

1. d4 Nf6 2. c4 e6 3. Nc3 c5 4. d5 d6 5. e4 exd5 6. cxd5 g6 7. Nf3 a6 8. a4 Bg4
9. h3 Bxf3 10. Qxf3 Nbd7 11. Bf4 Qa5 12. Bd3 b5 13. O-O b4 14. Nb1 Qc7 15. Nd2
Nb6 16. Nc4 Nxc4 17. Bxc4 Nd7 18. e5 dxe5 19. d6 Qb8 20. Bxf7+ Kxf7 21. Bxe5+
Ke8 22. Bxh8 Bxd6 23. Rad1 Ra7 24. Qc6 Be7 25. Rfe1 Qb6 26. Qc8+ Qd8 27. Rxe7+
Kxe7 28. Re1+ 1-0

[Event "Campeonato Individual Provincial Absolut"]
[Site "Trinquet de Manises (Manises -"]
[Date "2011.10.15"]
[Round "2"]
[White "Nieves Cabanes, Javier"]
[Black "Gimenez Menchon, Cesar"]
[Result "1-0"]
[WhiteElo "1925"]
[BlackElo "2050"]
[PlyCount "137"]
[EventDate "2011.10.01"]
[EventRounds "7"]
[EventCountry "ESP"]

1. d4 Nf6 2. Nf3 g6 3. c4 Bg7 4. Nc3 d5 5. cxd5 Nxd5 6. Bd2 O-O 7. e4 Nxc3 8.
Bxc3 e6 9. Be2 b6 10. O-O Bb7 11. Qc2 Nd7 12. Rfe1 Nf6 13. Bc4 c6 14. Bb4 Re8
15. a4 a5 16. Bc3 Qc7 17. Rad1 Red8 18. Qb3 Nd7 19. Re3 Bh6 20. Red3 Ba6 21.
Bxa6 Rxa6 22. Qc4 Raa8 23. d5 Nc5 24. d6 Qd7 25. Qd4 f6 26. Qxf6 Bg7 27. Qxg7+
Qxg7 28. Bxg7 Nxd3 29. Rxd3 Kxg7 30. e5 h6 31. Nd4 Rd7 32. Nxe6+ Kf7 33. Nc7
Rxc7 34. dxc7 Rc8 35. Rd7+ Ke6 36. Rd6+ Kxe5 37. Rxc6 Kd5 38. Rc1 Kd6 39. f3
Rxc7 40. Rxc7 Kxc7 41. h4 Kd6 42. Kf2 Kc5 43. Ke2 Kb4 44. Kd3 Kxa4 45. Kc4 b5+
46. Kc3 b4+ 47. Kc4 h5 48. f4 b3 49. Kc3 Kb5 50. Kxb3 a4+ 51. Ka3 Ka5 52. b4+
axb3 53. Kxb3 Kb5 54. Kc3 Kc5 55. Kd3 Kd5 56. Ke3 Kd6 57. f5 gxf5 58. Kf4 Ke6
59. Kg5 Ke5 60. Kxh5 Kf6 61. g3 f4 62. gxf4 Kf5 63. Kh6 Kf6 64. h5 Kf7 65. Kh7
Kf8 66. Kg6 Kg8 67. f5 Kh8 68. f6 Kg8 69. f7+ 1-0

[Event "Campeonato Individual Provincial Absolut"]
[Site "Trinquet de Manises (Manises -"]
[Date "2011.10.22"]
[Round "3"]
[White "Calvo Galve, Nestor"]
[Black "Montoliu Cervero, Francisco"]
[Result "0-1"]
[WhiteElo "2055"]
[BlackElo "2159"]
[PlyCount "68"]
[EventDate "2011.10.01"]
[EventRounds "7"]
[EventCountry "ESP"]

1. e4 c5 2. c3 Nf6 3. e5 Nd5 4. d4 cxd4 5. Nf3 Nc6 6. cxd4 d6 7. Bc4 Nb6 8. Bb5
dxe5 9. Nxe5 Bd7 10. Nxd7 Qxd7 11. O-O e6 12. Bf4 Be7 13. Be5 O-O 14. Nc3 Rfd8
15. Re1 Nd5 16. Qh5 a6 17. Bxc6 Qxc6 18. Rac1 Rac8 19. a3 b6 20. Qg4 Bf8 21. h4
Qd7 22. h5 Nxc3 23. bxc3 f5 24. Qg5 Qe7 25. Qg3 b5 26. Bf4 Qf7 27. h6 g6 28.
Rc2 Bxa3 29. Rce2 Rc6 30. Ra1 Bf8 31. Rea2 Qb7 32. Qe3 Rd5 33. Re2 Kf7 34. Qe5
Rxe5 0-1